| 000 | 00497 a2200181 4500 | ||
|---|---|---|---|
| 003 | Nust | ||
| 005 | 20230131140645.0 | ||
| 010 | _a39030686 | ||
| 040 | _cNust | ||
| 082 | _a808.83,JOR | ||
| 100 |
_aJordan, Humfrey Robertson, _9108256 |
||
| 245 |
_aAnchor comes back / _cHumfrey Jordan |
||
| 260 |
_aLondon _bHodder and Stoughton _c1939 |
||
| 300 |
_a406 p _bplates _c21 cm |
||
| 600 |
_aJordan, Humfrey Robertson, _9108256 |
||
| 650 |
_aAnchor comes back _9108257 |
||
| 942 |
_2ddc _cBK _k808.83,JOR |
||
| 999 |
_c186297 _d186297 |
||